01077nam a2200277 a 450000100080000000500110000800800410001910000290006024501200008926002420020930000380045150000680048965000180055765000180057570000190059370000250061270000220063770000210065970000160068070000180069670000150071470000160072970000170074570000170076270000200077918516632018-11-22 2008 bl uuuu u00u1 u #d1 aNASCIMENTO JUNIOR, A. do aAvaliação de rendimento de grãos de triticale em ensaios de VCU da Embrapa Trigo em 2007.h[electronic resource] aIn: REUNIÃO DA COMISSÃO BRASILEIRA DE PESQUISA DE TRIGO E TRITICALE, 2., 2008, Passo Fundo. Atas e resumos... Passo Fundo: Comissão Brasileira de Pesquisa de Trigo e Triticale: Embrapa Trigo: Embrapa Transferência de Tecnologiac2008 a3 p.c1 CD-ROM. Melhoramento, 21. aÁrea: Melhoramento, Aptidão Industrial e Sementes. Resumo 21. aTriticosecale aProdutividade1 aSILVA, M. S. e1 aWORDELL FILHO, J. A.1 aALMEIDA, J. L. de1 aCASTRO, R. L. de1 aGABE, N. L.1 aBASSOI, M. C.1 aFRONZA, V.1 aGARRAFA, M.1 aCAIERÃO, E.1 aBIANCHIN, V.1 aSCHEEREN, P. L.